Equipes Francaises de Volley-ball Pro - Statistiques

Statistiques générales
  • Ce quiz a été pris 487 fois
    273 depuis la dernière actualisation
  • Le résultat moyen est 20 sur 37
Statistiques - réponses
Réponse % Correct
Levallois - Paris SC
98%
Paris
98%
Tours
86%
Montpellier
84%
Nice
78%
Cannes
77%
Cannes
77%
Nantes
76%
Toulouse
76%
Poitiers
68%
Tourcoing
68%
Chaumont
65%
Sète
61%
Narbonne
58%
Bordeaux
57%
Ajaccio
54%
Plessis-Robinson
53%
Vandoeuvre-Nancy
50%
Saint-Nazaire
49%
Grand Nancy
48%
Le Cannet
45%
Mulhouse
45%
Fréjus
44%
France Avenir 2024
42%
Saint-Jean d'Illac
40%
Reims
39%
Béziers
37%
Cambrai
34%
Royan
33%
France Avenir 2024
31%
Aix-Venelles
30%
Martigues
28%
Quimper
28%
Saint-Quentin
28%
Marcq-en-Baroeul
23%
Terville-Florange
22%
Chamalières
21%
Aucun quiz correspondant
Distribution des résultats
% des personnes avec chaque résultat
Percentile par nombre de réponses
Votre historique - résultats
Vous n’avez pas pris ce quiz depuis la dernière actualisation